Normal view
MARC view
Entry Corporate Name
001 - CONTROL NUMBER
- control field: 1239871
003 - CONTROL NUMBER IDENTIFIER
- control field: OSt
005 - DATE AND TIME OF LATEST TRANSACTION
- control field: 20260514122646.0
008 - FIXED-LENGTH DATA ELEMENTS
- fixed length control field: 260514|| aca||aabn | a|a d
040 ## - CATALOGING SOURCE
- Original cataloging agency: OSt
- Transcribing agency: OSt
110 ## - HEADING--CORPORATE NAME
- Corporate name or jurisdiction name as entry element: Pharmacy
670 ## - SOURCE DATA FOUND
- Source citation: Work cat.: (OSt)1851591: Bhartiya Ankit Singh 1239868, To Assess the Cardioprotective Activity of Lupeol Isolated from FICUS CARICA Using Sprague Dawley Rat (IN VIVO) In Doxorubicin Induced Cardiotoxicity Model.
